Statistics for Who Starred in that Movie Quiz #12

Click here to take the quiz!

General Stats

  • This quiz has been taken 30,764 times
    (2,546 since last reset)
  • The average score is 15 of 20

Answer Stats

MoviesStar% Correct
Taken, Schindler's List, Star Wars: Episode ILiam Neeson
90%
Dirty Dancing, Ghost, Point BreakPatrick Swayze
89%
Pulp Fiction, Snakes on a Plane, Star Wars: Episode ISamuel L. Jackson
88%
Old School, Anchorman, ElfWill Ferrell
85%
The Silence of the Lambs, Nell, Taxi DriverJodie Foster
83%
Rain Man, Kramer vs. Kramer, The GraduateDustin Hoffman
80%
Pride & Prejudice, Bend It Like Beckham, Pirates of the CaribbeanKeira Knightley
80%
The Godfather, A Streetcar Named Desire, On the WaterfrontMarlon Brando
80%
Dallas Buyers Club, How to Lose a Guy in 10 Days, The Lincoln LawyerMatthew McConaughey
78%
Little Miss Sunshine, The 40 Year Old Virgin, Evan AlmightySteve Carell
78%
American History X, Fight Club, The IllusionistEdward Norton
75%
Spider-Man, Marie Antoinette, Bring It OnKirsten Dunst
68%
Volver, Vanilla Sky, FerrariPenélope Cruz
68%
Funny Girl, Yentl, Meet the FockersBarbra Streisand
66%
Superbad, Juno, Scott Pilgrim vs. the WorldMichael Cera
64%
White Men Can't Jump, Blade, Demolition ManWesley Snipes
64%
Mad Max: Fury Road, The Dark Knight Rises, BronsonTom Hardy
63%
Reality Bites, Heathers, BeetlejuiceWinona Ryder
60%
What About Bob?, Mr. Holland's Opus, JawsRichard Dreyfuss
50%
Step Brothers, Boogie Nights, Walk Hard: The Dewey Cox StoryJohn C. Reilly
47%

Score Distribution

Percentile by Number Answered

Percent of People with Each Score

Your Score History

You have not taken this quiz since the last reset